00327nam a2200121Ia 4500008004100000041000800041082001400049100001700063245004500080260004200125300002900167365000900196240624s9999 xx 000 0 und d aeng a658.8 POR aPORT MICHAEL aCONTRARIAN EFFECT WHY IT PAYS BIG TO TAK c2008aNew JerseybJohn Wiley and Sons ax, : 165 : p. : cm. ; 19 cb30